STN EN ISO 2897-2: 2003, Materiály z húževnatého polystyrénu (PS-I) na tvárnenie a vytláčanie Časť 2 Príprava skúšobných telies a stanovenie vlastností (ISO 2897-2: 2003)

Podrobná bibliografia
Médium: Kniha
Jazyk:slovenčina
Fyzický popis:12 s.
Vydavateľské údaje: Bratislava Slovenský ústav technickej normalizácie 2005

MARC

LEADER 00000nam a2200000 a 4500
001 vtls008854548
003 SK-MaSNL
005 20260224162929.0
008 130117s2005 xo f u 000 0 slo
015 |a SNBN2013 
020 |c (cen. skup,) 
040 |a SNK  |b slo  |c SNK  |e AACR2 
041 0 |a slo 
044 |a xo  |c SK 
046 |a s 
084 |a 83.080.20  |2 ICS 
245 0 0 |a STN EN ISO 2897-2: 2003, Materiály z húževnatého polystyrénu (PS-I) na tvárnenie a vytláčanie  |n Časť 2  |p Príprava skúšobných telies a stanovenie vlastností (ISO 2897-2: 2003) 
260 |a Bratislava  |b Slovenský ústav technickej normalizácie  |c 2005 
300 |a 12 s. 
540 |a Normy sa podľa zákona č. 264/1999 Z. z. nesmú kopírovať 
999 |c 1082344  |d 1084274 
952 |a SNK  |b SNK  |y PREZ  |7 0  |p 17A0526620  |o snkSTN EN ISO 2897-2  |i snk2006/20655  |8 0  |0 0  |1 0  |4 0  |d 2006-10-13  |l 0  |r 2026-02-24 16:29:29  |w 2026-02-24 
952 |a SNK  |b SNK  |y PREZ  |7 0  |p 17A0526623  |o snkSTN EN ISO 2897-2 D1  |i snk2006/20656  |8 0  |0 0  |1 0  |4 0  |d 2006-10-13  |l 0  |r 2026-02-24 16:29:29  |w 2026-02-24